| 000 | 00698nam a22002177a 4500 | ||
|---|---|---|---|
| 003 | UA-OsUOA | ||
| 001 | 40371 | ||
| 007 | ta | ||
| 008 | 20080610b un ||||| |||| 00| 0 ukr d | ||
| 090 |
_a82.6 _bЕ67 |
||
| 942 | _cBK | ||
| 040 |
_aUA-OsUOA _bukr _cUA-OsUOA _dUA-OsUOA |
||
| 245 |
_aЕпістолярна спадщина академіка Д.І. Яворницького _bВипуск 2 _cЛисти діячів культури до Д.І. Яворницького |
||
| 300 | _a459 с. | ||
| 955 | _a4 | ||
| 041 | _aukr | ||
| 080 | _a82.6 | ||
| 260 |
_aДніпропетровськ _c1999 |
||
| 650 | 7 |
_a82 Література. Літературознавство _2UDC |
|
| 999 |
_c438879 _d438879 |
||